اکسیراعظم (Record no. 13715)
[ view plain ]
| 000 -LEADER | |
|---|---|
| fixed length control field | 00328nam a2200133Ia 4500 |
| 008 - FIXED-LENGTH DATA ELEMENTS--GENERAL INFORMATION | |
| fixed length control field | 230312s9999||||xx |||||||||||||| ||und|| |
| 082 ## - DEWEY DECIMAL CLASSIFICATION NUMBER | |
| Classification number | 610 |
| Item number | KAB-A |
| 100 ## - MAIN ENTRY--PERSONAL NAME | |
| Personal name | محمد کبیرالدین صاحب |
| 245 #0 - TITLE STATEMENT | |
| Title | اکسیراعظم |
| 260 ## - PUBLICATION, DISTRIBUTION, ETC. | |
| Name of publisher, distributor, etc. | مکتبہ دانیال |
| Place of publication, distribution, etc. | pak |
| 300 ## - PHYSICAL DESCRIPTION | |
| Extent | 973 |
| 650 ## - SUBJECT ADDED ENTRY--TOPICAL TERM | |
| Topical term or geographic name entry element | TIBB |
| 942 ## - ADDED ENTRY ELEMENTS (KOHA) | |
| Koha item type | BOOK |
| Withdrawn status | Lost status | Source of classification or shelving scheme | Damaged status | Not for loan | Collection | Home library | Current library | Date acquired | Total Checkouts | Full call number | Barcode | Date last seen | Copy number | Price effective from | Koha item type |
|---|---|---|---|---|---|---|---|---|---|---|---|---|---|---|---|
| Dewey Decimal Classification | Medical /Allied Heath Science | Superior Information Resource Center (SIRC) Superior University- Main Campus | Superior Information Resource Center (SIRC) Superior University- Main Campus | 03/13/2023 | 610 KAB-A | 13848 | 03/13/2023 | 1 | 03/13/2023 | BOOK | |||||
| Dewey Decimal Classification | Medical /Allied Heath Science | Superior Information Resource Center (SIRC) Superior University- Main Campus | Superior Information Resource Center (SIRC) Superior University- Main Campus | 11/07/2023 | 610 KAB-A | 20964 | 11/07/2023 | 2 | 11/07/2023 | BOOK |
